Sociología contra psicoanálisis /
La obra recoge las ponencias del II Coloquio Internacional de Sociología de la Literatura que enfrentó a sociólogos y psicólogos en una discusión sobre los textos culturales, defendiendo unos la determinación subjetiva de los mismos, otros buscaban en las estructuras sociales el principio organizado...
Gespeichert in:
| 1. Verfasser: | |
|---|---|
| Format: | Buch |
| Sprache: | Spanisch |
| Veröffentlicht: |
Barcelona, España :
Martínez Roca,
1974
|
| Schriftenreihe: | (Novocurso ;
39) |
| Schlagworte: | |
| Tags: |
Keine Tags, Fügen Sie das erste Tag hinzu!
|
MARC
| LEADER | 00000nam^a2200000^a^4500 | ||
|---|---|---|---|
| 001 | 000000162 | ||
| 005 | 20250521000000.0 | ||
| 009 | 20260310083015.911 | ||
| 020 | |a 84-270-0243-2 | ||
| 037 | |a Acervo ITESO - Biblioteca | ||
| 041 | |a ESP | ||
| 082 | |a 306. 4 |b ECO | ||
| 100 | |a Eco, Umberto |e (autor) | ||
| 245 | 1 | 0 | |a Sociología contra psicoanálisis / |c U. Eco... [et al.] ; tr. por Carlos Ayala. |
| 264 | 1 | |a Barcelona, España : |b Martínez Roca, |c 1974 | |
| 300 | |a 245 p. | ||
| 336 | |a texto |b txt |2 rdacontenido | ||
| 337 | |a sin mediación |b n |2 rdamedio | ||
| 338 | |a volumen |b nc |2 rdasoporte | ||
| 440 | 1 | |a (Novocurso ; |v 39) | |
| 500 | |a Traducción de: Crítique Sociologique et Critique Psychoanalytique | ||
| 520 | |a La obra recoge las ponencias del II Coloquio Internacional de Sociología de la Literatura que enfrentó a sociólogos y psicólogos en una discusión sobre los textos culturales, defendiendo unos la determinación subjetiva de los mismos, otros buscaban en las estructuras sociales el principio organizador de la coherencia de las obras. | ||
| 649 | |a XX | ||
| 650 | |a Literatura y Sociedad | ||
| 650 | |a Psicoanálisis | ||
| 650 | |a Sociología de la Cultura | ||
| 910 | |a Fondo General | ||
| 920 | |a Impresos - Libros | ||
| 930 | |a Colección General | ||
| 905 | |a 101 | ||
| 901 | |a 0001620100 |b IT1 |c ACC |i 000162 |u 20250521 | ||
| 901 | |a 0001620200 |b IT1 |c ACC |i 900025 |u 20250521 | ||
| 902 | |a https://opac.biblio.iteso.mx/vufind/Record/000000162 | ||